| 000 | nam a22 a 4500 | ||
|---|---|---|---|
| 999 |
_c760 _d760 |
||
| 003 | AKMAL | ||
| 005 | 20170505093202.0 | ||
| 008 | 170505s2006 my | e l 000 0 may d | ||
| 020 | _a967-89-1660-6 (kkt.) | ||
| 082 | 0 | 4 |
_a343.595056 CUS _222 |
| 090 | 0 | 0 |
_a343.595056 _bCUS |
| 110 | 1 |
_aMalaysia _9400 |
|
| 245 | 1 | 0 |
_aAkta Kastam 1967 (Akta 235) & Peraturan-peraturan _cdisusun oleh Lembaga Penyelidikan Undang-Undang _bpindaan (hingga 20hb Januari 2006) / |
| 260 |
_aPetaling Jaya : _bInternational Law Book Services, _c2006 |
||
| 300 |
_a197ms. ; _c24cm. |
||
| 650 | 1 | 0 |
_aTariff _xLaw and legislation _zMalaysia _920 |
| 650 | 2 | 0 |
_aCustoms administration _xLaw and legislation _zMalaysia _91649 |
| 710 | 2 |
_aLembaga Penyelidikan Undang-Undang _91650 |
|
| 942 |
_2ddc _cBOOK |
||